| 000 | 00580nam a2200205 a 4500 | ||
|---|---|---|---|
| 999 |
_c3392 _d3392 |
||
| 001 | 3392 | ||
| 003 | BD-JhCC | ||
| 005 | 20171113180434.0 | ||
| 008 | 171113s1965 bg a|||| |||| 000 0 ben d | ||
| 035 | _a(BD-JhCC) | ||
| 040 |
_aBD-JhCC _dBD-JhCC |
||
| 041 | _aben | ||
| 082 |
_a891.442 _bCHo 1965 |
||
| 100 | _aচৌধুরী, আনিস | ||
| 245 |
_aএ্যালবাম / _cআনিস চৌধুরী |
||
| 260 |
_aঢাকা : _bবাংলা একাডেমী ; _c১৯৬৫ |
||
| 300 |
_a85 p.; _c22 cm |
||
| 650 | _aBengali drama | ||
| 942 |
_2ddc _cBK |
||